| 000 | 01063nam a22002537i 4500 | ||
|---|---|---|---|
| 999 |
_c22752 _d22752 |
||
| 003 | AR-CdUCM | ||
| 008 | 240110b20202020pe ||||| |||| 00| 0 spa d | ||
| 040 |
_aMUNICIPALIDAD PROVINCIAL DEL CUSCO _cBIBLIOTECA MUNICIPAL DEL CUSCO |
||
| 041 | _hspa | ||
| 082 |
_a372.21098561 / G26 _bG26 |
||
| 100 |
_aGarrido Ramos, Elsa _949275 |
||
| 245 |
_aMaestras Jardineras Compartiendo sus Experiencias Pedagógicas en Tiempos de Pandemia : _bAcompañando los sueños de nuestros hijos / |
||
| 260 |
_aCusco : _bGARABATO _c2020 |
||
| 300 |
_a134 páginas. : _c29 cm. |
||
| 505 | _aMonitoreo y acompañamiento pedagógico -- Crianza de animales domésticos -- Tiempos de yoga y aprendizaje en casa -- Rol de la docente Auxiliar -- Acompañamiento en el aprendizaje de los niños. | ||
| 650 |
_aMonitoreo pedagógico _949276 |
||
| 650 |
_aAcompañamiento _949277 |
||
| 650 |
_aEnseñanza y aprendizaje _99958 |
||
| 650 |
_aTíteres _913473 |
||
| 650 |
_aAprendo en casa _949278 |
||
| 650 |
_aDocente auxiliar _949279 |
||
| 942 |
_2ddc _cLIBROS |
||
| 945 |
_apbj _d10-01-2024 |
||